Responses for Show #1498 - Wednesday, February 20, 1991

1991 Teen Tournament semifinal game 3.

Contestants

[<< previous game]

Andy Westney, a senior from Atlanta, Georgia

Joann Chan, a senior from Richmond, Virginia

Robert Fielding, a junior from Arcadia, California

[next game >>]

Jeopardy! Round responses

LANDMARKS
CELEBRITIES
FRUITS & VEGETABLES
NURSERY RHYMES
LAW
DEM BUGS
    $100 18
the Taj Mahal

Andy
    $100 2
Michael J. Fox

Andy
    $100 15
a cranberry

Robert
    $100 8
Bingo

Joann
    $100 1
Britain (or England)

Joann
    $100 26
the mosquito

Andy
    $200 19
the Colosseum

Andy
    $200 3
(Robert: Who is Paula Abdul?)

Janet Jackson

RobertJoann
    $200 17
a beet

Robert
    $200 11
her shoe

Andy
    $200 7
segregation

Andy
    $200 27
the drones

Andy
    $300 20
Stonehenge

Andy
    $300 4
Jane Fonda

Andy
    $300 23
(Joann: What are cereals?)

citrus

JoannAndy
    $300 12
green & yellow

Andy
    $300 9
a pocket veto

Joann
    $300 28
a spider

Robert
    $400 21
the Parthenon

Andy
    $400 5
Charles Schulz

Robert
    $400 24
the pumpkin

Andy
    $1,000 13
(Alex: That's right. The butcher and the baker did work with food.)

the candlestick maker

Andy
    $400 10
Geneva

Andy
    $400 29
antennae

Andy
    $500 22
Fort McHenry

Joann
    $500 6
Demi Moore

Joann
    $500 25
the potato

Robert
    $500 14
Robert Louis Stevenson

Andy
    $500 16
John Jay

Andy
    $500 30
(Robert: Uh... uh, what is a cyclops?)

dragonflies

Robert
Triple Stumper

Scores at the first commercial break (after clue 13):

Robert Joann Andy
$200 $1,200 $2,500

Scores at the end of the Jeopardy! Round:

Robert Joann Andy
$800 $1,400 $5,900

Double Jeopardy! Round responses

LITERARY ANIMALS
AMERICAN HISTORY
COLLEGES & UNIVERSITIES
THE BODY HUMAN
ISLANDS
PLANES, TRAINS & AUTOMOBILES
    $200 6
Toto

Joann
    $200 13
William Penn

Joann
    $200 20
Paris

Andy
    $200 30
(Joann: What are the veins?)

the heart

JoannAndy
    $200 5
Ellis Island

Andy
    $200 21
Space Shuttle

Robert
    $400 7
Brer Rabbit

Joann
    $400 15
NATO

Joann
    $400 19
[Alex reads "A." in the clue as "Anne".]

Radcliffe

Joann
    $400 29
a callus

Andy
    $400 4
the Great Salt Lake

Andy
    $400 22
Mazda

Andy
    $600 8
Napoleon

Robert
    $600 14
the U.S. Maine

Andy
    $600 18
Princeton

Andy
    $600 28
the epidermis & the dermis

Joann
    $600 3
the Persian Gulf

Robert
    $600 23
the Spruce Goose

Joann
    $3,000 9
(Robert: What is Black Beauty?)

the Black Stallion

Robert
    $800 11
Jamestown

Robert
    $1,500 17
(Alex: Correct. In Evanston and in Chicago.)

Lake Michigan

Andy
    $800 27
the pancreas

Joann
    $800 2
France

Robert
    $800 25
SSTs (or supersonic [transport])

Andy
    $1000 10
(Andy: [Confidently] Who is Old Yeller?)
(Alex: No. Robert?)
(Robert: Uh, who is, uh, Yelp? [*]!)
(Alex: No.)

Sounder

RobertJoannAndy
    $1000 12
Manifest Destiny

Andy
    $1000 16
Chapel Hill

Andy
    $1000 24
(Robert: Uh, what are the esophagus?)

bronchial tubes

RobertAndy
    $1000 1
New Zealand

Robert
    $1000 26
the (first) Transcontinental Railroad

Robert

Scores at the end of the Double Jeopardy! Round:

Robert Joann Andy
$800 $5,800 $13,200
(lock game)

[wagering suggestions for these scores]

Final Jeopardy! Round responses

U.S. CITIES
[Andy's opponents in the 2-day final, Dana Bacon of Minnesota and Julie Knauer of Newtown, Connecticut, join him on stage.]
RobertWhat is Washington D.C.?
$800
JoannWhat is D.C. Philadelphia?
$5,799
AndyWhut is Washington D.C.?
$1,200
Washington, D.C.

Final scores:

Robert Joann Andy
$1,600 $11,599 $14,400
3rd place: $5,000 2nd place: $5,000 Finalist

Game dynamics:

Coryat scores:

Robert Joann Andy
$3,800 $5,800 $11,900
12 R,
5 W
(including 1 DD)
15 R,
2 W
31 R
(including 2 DDs),
1 W

Combined Coryat: $21,500

[game clues] [game scores] [suggest correction]

Game tape date: 1991-01-20
The J! Archive is created by fans, for fans. Scraping, republication, monetization, and malicious use prohibited; this site may use cookies and collect identifying information. See terms. The Jeopardy! game show and all elements thereof, including but not limited to copyright and trademark thereto, are the property of Jeopardy Productions, Inc. and are protected under law. This website is not affiliated with, sponsored by, or operated by Jeopardy Productions, Inc. Join the discussion at JBoard.tv.